|
|
|
|
| LEADER |
01028nam a22002297a 4500 |
| 007 |
BD-DhAAL |
| 008 |
130630s2005 enka|||| ||| 001 0 eng d |
| 020 |
|
|
|a 1903500052
|a 1903500133
|
| 040 |
|
|
|a BD-DhAAL
|c BD-DhAAL
|
| 082 |
|
|
|2 22
|a 658.7
|
| 100 |
|
|
|a Carter, R. J.
|9 2240
|
| 245 |
|
|
|a Stores & distribution management /
|c R.J. Carter, P.M. Price, S.A. Emmett.
|
| 260 |
|
|
|a Liverpool :
|b Liverpool Business,
|c c2005.
|
| 300 |
|
|
|a v, ii, 357 p. :
|b ill. ;
|c 24 cm.
|
| 500 |
|
|
|a Includes bibliographical references (p. 335-336) and index.
|
| 650 |
|
|
|a Business logistics.
|9 2063
|
| 700 |
|
|
|a Price, P. M.
|a Emmett, S. A.
|9 2241
|
| 541 |
|
|
|e 27206, 27207
|
| 942 |
|
|
|2 ddc
|c BK
|
| 999 |
|
|
|c 13635
|d 13635
|
| 952 |
|
|
|0 0
|1 0
|2 ddc
|4 0
|6 658_700000000000000_CAR
|7 0
|9 22829
|a IGS
|b IGS
|c GEN
|d 2013-06-30
|e Trim Education
|g 4550.00
|l 0
|o 658.7 CAR
|p 3010027206
|r 2013-06-30
|t 1
|w 2013-06-30
|y BK
|
| 952 |
|
|
|0 0
|1 0
|2 ddc
|4 0
|6 658_700000000000000_CAR
|7 0
|9 22830
|a IGS
|b IGS
|c GEN
|d 2013-06-30
|e Trim Education
|g 4550.00
|l 0
|o 658.7 CAR
|p 3010027207
|r 2013-06-30
|t 2
|w 2013-06-30
|y BK
|